000 00483nam a2200181Ia 4500
008 240925s9999 xx 000 0 und d
020 _a9788172455088
082 _a624.03 EDW
100 _aEdward, Stefan
245 0 _aGoodwill's Dictionary of Civil Engineering
250 _aNA
260 _aNew Delhi:
_bGoodwill Publishing House
_cNA
300 _a570p.
_b0
_fOriginal
500 _aIncludes Index
600 _aElectrical Engineering
650 _aTechnology
942 _cBK
999 _c14181
_d14181